| 000 | 01395nam1a22003611i 4500 | ||
|---|---|---|---|
| 001 | v19\rc\1787037 | ||
| 005 | 20241101042743.0 | ||
| 035 | _a(NLR Aleph) 004879507 | ||
| 090 |
_a5156196 _c5156196 |
||
| 100 | _a20061204d1904 |||y0rusy50 ca | ||
| 101 | 1 |
_arus _cger |
|
| 102 | _aRU | ||
| 105 | _a z ||||| | ||
| 200 | 1 |
_aСоциал-демократические профессиональные союзы в Германии со времени издания закона против социалистов _fИ. Шмеле, прив.-доц. Гейфсвальд. ун-та _gПер. с нем. [И. Давидсона], под ред. С.Н. Прокоповича |
|
| 210 |
_aСанкт-Петербург _cЕ.Д. Кускова _d1904 |
||
| 215 | _d22 | ||
| 700 | 1 |
_aШмеле _bИ. _f1865- _gИосиф |
|
| 702 | 1 |
_aДавидсон _bИ. _4730 |
|
| 702 | 1 |
_4340 _7ca _8rus _aПрокопович _bС. Н. _f1871-1955 _gСергей Николаевич _9254076 _3RU\NLR\AUTH\770254132 |
|
| 801 | 0 |
_aRU _bNLR _gpsbo |
|
| 801 | 0 |
_aRU _bRuMoRGB _2psbo |
|
| 801 | 1 |
_aRU _bProSoft-M _2rusmarc |
|
| 852 |
_aNLR _j38.19.4.31 |
||
| 852 |
_aNLR _j130/2407 |
||
| 899 |
_aRuMoRGB _jO 1/295 |
||
| 899 |
_aRuMoRGB _jJ 86/156 |
||
| 899 |
_aRuMoRGB _jРб 19/515 |
||
| 899 | _aБАН | ||
| 899 | _aНБ СПбГУ | ||
| 899 | _aГПИБ | ||
| 899 | _aНБ МГУ | ||
| 942 | _cBOOK | ||